Defensa de la religion contra los libre-pensadores y exposicion de la doctrina católica (Record no. 157166)

MARC details
000 -LEADER
campo de control de longitud fija 00674nam a22001695i 4500
001 - NÚMERO DE CONTROL
campo de control 157166
003 - IDENTIFICADOR DE NÚMERO DE CONTROL
campo de control ES-MaACL
005 - FECHA Y HORA DE LA ÚLTIMA TRANSACCIÓN
campo de control 20230906210614.0
008 - DATOS DE LONGITUD FIJA--INFORMACIÓN GENERAL
campo de control de longitud fija 940202s1880 sp |||| | spa d
040 ## - FUENTE DE CATALOGACIÓN
Centro catalogador/agencia de origen CARM
Lengua de catalogación spa
100 1# - ENTRADA PRINCIPAL--NOMBRE DE PERSONA
Nombre de persona Lasagabaster, Nemesio.
9 (RLIN) 128713
245 10 - MENCIÓN DEL TÍTULO
Título Defensa de la religion contra los libre-pensadores y exposicion de la doctrina católica
Resto del título : en forma didáctico-oratoria /
Mención de responsabilidad, etc. por Nemesio Lasagabaster.
260 ## - PUBLICACIÓN, DISTRIBUCIÓN, ETC.
Lugar de publicación, distribución, etc. Madrid :
Nombre del editor, distribuidor, etc. [s.n.],
Fecha de publicación, distribución, etc. 1880 (
Fabricante imprenta de D. Antonio Perez Dubrull)
300 ## - DESCRIPCIÓN FÍSICA
Extensión v. ;
Dimensiones 20 cm.
597 #1 - NOTA DE DESCRIPCIÓN FÍSICA
NOTA DE DESCRIPCIÓN FÍSICA T.I (270 p.)
852 ## - LOCALIZACIÓN
Ubicación ES-MaACL
Número de control de estantería T-793-F-1
Nota libre -- Enc. hol., conservando la enc. original
-- -- Enc. en un vol. facticio
Holdings
Estatus retirado Estado de pérdida Estado de daño No para préstamo Colección Biblioteca de origen Biblioteca actual Ubicación en estantería Fecha de adquisición Total de préstamos Signatura topográfica completa Código de barras Visto por última vez Precio de reemplazo Tipo de ítem Koha
        Colección de folletos Biblioteca del Ateneo de Madrid Biblioteca del Ateneo de Madrid Depósito folletos 17/01/2008   T-793-F-1 1164442 23/02/2023 23/02/2023 Folleto